|
|
|
|
| LEADER |
01248ppm a22002658a 4500 |
| 001 |
00046415 |
| 008 |
121120s2010 ||||||viesd |
| 005 |
20210219080215.0 |
| 041 |
0 |
# |
|a vie
|
| 082 |
1 |
4 |
|b Đ455TH
|a 333.75
|
| 100 |
1 |
# |
|a Tôn, Sơn
|
| 245 |
0 |
0 |
|c Tôn Sơn; Mokievsky Vadim Olegavich (hướng dẫn)
|a Động thái của rừng ngập mặn vùng đồng bằng sông Cửu Long sau 30 năm (1988-2018) theo hình ảnh vệ tinh
|b Luận án tiến sĩ. Chuyên ngành: Hải dương học. Mã số: 25.00.28
|
| 260 |
# |
# |
|a Nga
|b PP Shirshov Russian Academy of Sciences
|c 2020
|
| 300 |
# |
# |
|a 145 tr.
|c 30cm
|e 1 bản tóm tắt
|
| 500 |
# |
# |
|a ĐTTS ghi: The Federal State Budgetary Institute of Science The Institute of Oceanology. PP Shirshov Russian Academy of Sciences
|
| 653 |
# |
# |
|a Hình ảnh vệ tinh
|
| 653 |
# |
# |
|a Đồng bằng sông Cửu Long
|
| 653 |
# |
# |
|a Việt Nam
|
| 653 |
# |
# |
|a Luận án
|
| 653 |
# |
# |
|a Nghiên cứu
|
| 653 |
# |
# |
|a Rừng ngập mặn
|
| 700 |
1 |
# |
|a Mokievsky Vadim Olegavich
|e Hướng dẫn
|
| 852 |
# |
# |
|j LA.0000346
|
| 910 |
# |
# |
|d 27/01/2021
|
| 980 |
# |
# |
|a Trung tâm Học liệu Lê Vũ Hùng, Trường Đại học Đồng Tháp
|